000 00433nam a22001337a 4500
082 _a621.313
_bBOT
_cL-10, P-24
100 _aBottle, E. K
_941303
245 _aFractional horse-power electric motors
_bA guide to types and applications
_cBottle, E. K
260 _aLondon
_bCharles Griffin & Company
_c1948
300 _axi, 209 p.
_bill.
_c18 cm.
526 _a0
_b0
_c0
_d621_313000000000000_BOT
650 _aMCE
_9379
942 _2ddc
_cBK
999 _c545448
_d545448